01407nam0a22002411 4500001001100000005001700011021001900028035002600047100004100073101000800114102000700122105001800129200038800147210003200535215001600567532019700583606006800780702007900848712017900927801001801106801002201124852001901146rc\377504120260406154829.0 aRUb[75-36034] a(NLR Aleph) 007227428 a20120127d1975 |||y0rusy50 ca0 arus aRU ay z |||||1 aXXIV съезд КПСС и проблемы идеологической борьбыeСборник трудовf[Ред. коллегия: доц. канд. ист. наук Р.В. Бутурлов (отв. ред.) и др.]gМ-во просвещения РСФСР. Моск. гос. пед. ин-т им. В.И. Ленина. Кафедра науч. коммунизма aМоскваcБ. и.d1975 a288 с.d2011aДвадцать четвертый съезд Коммунистической партии Советского Союза и проблемы идеологической борьбы aБуржуазная идеологияjСборники2psbo 1aБутурловbР.В.gРостислав Владимирович434002aМосковский педагогический институт им. В. И. ЛенинаbКафедра научного коммунизма3RU\NLR\AUTH\889930155 0aRUbNLRgpsbo 1aRUbELAR2rusmarc aNLRj75-3/2536